[Průvodce zpracováním a obhajobou bakalářské práce]

Recenzia na učebný text, ktorý približuje štruktúru a význam jednotlivých častí bakalárskej práce, jej formálnu úpravu, citácie a citovanie v praxi, odovzdanie bakalárskej práce a prípravu študenta na samotnú obhajobu.

Saved in:
Bibliographic Details
Main Author: Gonda, Vladimír
Format: Book Chapter
Language:Slovak
Subjects:
Tags: Add Tag
No Tags, Be the first to tag this record!

MARC

LEADER 00000naa a2200000 4500
001 0157025
005 20240502072737.6
041 0 |a slo 
044 |a SK 
245 1 0 |a [Průvodce zpracováním a obhajobou bakalářské práce]  |c Vladimír Gonda 
520 |a Recenzia na učebný text, ktorý približuje štruktúru a význam jednotlivých častí bakalárskej práce, jej formálnu úpravu, citácie a citovanie v praxi, odovzdanie bakalárskej práce a prípravu študenta na samotnú obhajobu. 
610 2 0 |a recenzie 
610 2 0 |a školy vysoké 
610 2 0 |a študenti 
610 2 0 |a práce kvalifikačné 
100 1 |a Gonda, Vladimír